Wypisz wszystkie państwa które leżą nad morzem.... Bałtyckim - Statystyki

Ogólne statystyki
  • Ten quiz został rozwiązany 1 133 razy
  • Średni wynik to 9 z 9
Statystyki odpowiedzi
Państwo % Poprawnych
Litwa
99%
Niemcy
99%
Polska
99%
Rosja
99%
Szwecja
99%
Estonia
98%
Finlandia
98%
Łotwa
98%
Dania
97%
Nie znaleziono quizów pasujących do podanych kryteriów
Rozkład punktacji
Procent ludzi z każdym wynikiem
Percentyl według liczby udzielonych odpowiedzi
Twoja historia wyników
Nie rozwiązałeś tego quizu